Invisible Workers: Piecework Labour Amongst Women in Lahore (Record no. 224077)
[ view plain ]
| 000 -LEADER | |
|---|---|
| fixed length control field | 00645nam a22002177a 4500 |
| 005 - DATE AND TIME OF LATEST TRANSACTION | |
| control field | 20220721152145.0 |
| 008 - FIXED-LENGTH DATA ELEMENTS--GENERAL INFORMATION | |
| fixed length control field | 220721b ||||| |||| 00| 0 eng d |
| 040 ## - CATALOGING SOURCE | |
| Transcribing agency | AL |
| 041 ## - LANGUAGE CODE | |
| Language code of text/sound track or separate title | English |
| 082 ## - DEWEY DECIMAL CLASSIFICATION NUMBER | |
| Edition number | 23 |
| Classification number | 331.42164 |
| Item number | SHAI |
| 100 ## - MAIN ENTRY--PERSONAL NAME | |
| Personal name | Farida Shaheed and others |
| 100 ## - MAIN ENTRY--PERSONAL NAME | |
| 9 (RLIN) | 52381 |
| 245 ## - TITLE STATEMENT | |
| Title | Invisible Workers: Piecework Labour Amongst Women in Lahore |
| 260 ## - PUBLICATION, DISTRIBUTION, ETC. | |
| Place of publication, distribution, etc. | Islamabad |
| Name of publisher, distributor, etc. | Womens Division |
| 300 ## - PHYSICAL DESCRIPTION | |
| Extent | 127 p. |
| Other physical details | PB |
| Dimensions | 24.2x18.5 cm. |
| 650 ## - SUBJECT ADDED ENTRY--TOPICAL TERM | |
| Topical term or geographic name entry element | Piecework |
| 9 (RLIN) | 52382 |
| 650 ## - SUBJECT ADDED ENTRY--TOPICAL TERM | |
| Topical term or geographic name entry element | Women--Employment |
| 9 (RLIN) | 52383 |
| 650 ## - SUBJECT ADDED ENTRY--TOPICAL TERM | |
| Topical term or geographic name entry element | Pakistan--Lahore |
| 9 (RLIN) | 52384 |
| 700 ## - ADDED ENTRY--PERSONAL NAME | |
| Personal name | SHAHEED (Farida) |
| 9 (RLIN) | 52385 |
| 700 ## - ADDED ENTRY--PERSONAL NAME | |
| Personal name | MUMTAZ (Khawar) |
| 9 (RLIN) | 52386 |
| 942 ## - ADDED ENTRY ELEMENTS (KOHA) | |
| Source of classification or shelving scheme | Dewey Decimal Classification |
| Koha item type | George Fernandes Collections |
| Withdrawn status | Lost status | Source of classification or shelving scheme | Damaged status | Not for loan | Collection code | Home library | Current library | Date acquired | Total Checkouts | Full call number | Barcode | Date last seen | Price effective from | Koha item type |
|---|---|---|---|---|---|---|---|---|---|---|---|---|---|---|
| Dewey Decimal Classification | Economics | St Aloysius Library | St Aloysius Library | 03/23/2013 | 331.42164 SHAI | GF01230 | 07/21/2022 | 07/21/2022 | George Fernandes Collections |